A guide to post-keynesian economics

Αποθηκεύτηκε σε:
Λεπτομέρειες βιβλιογραφικής εγγραφής
Κύριος συγγραφέας: Eichner, Alfred (Επιμελητής έκδοσης)
Άλλοι συγγραφείς: Robinson, Joan, 1903-1983 (Συγγραφέας εισαγωγής κ.λπ.)
Μορφή: Βιβλίο
Γλώσσα:English
Δημοσίευση: London : Macmillan, 1979.
Θέματα:
Ετικέτες: Προσθήκη ετικέτας
Δεν υπάρχουν, Καταχωρήστε ετικέτα πρώτοι!

MARC

LEADER 00000cam a2200000 i 4500
001 1/60987
008 950203s1979 eng d
020 |a 0333280938 
035 |l 10028813 
040 |a GR-MY-UA  |b gre  |e aacr 
041 0 |a eng 
082 0 |a 330.1  
100 1 |a Eichner, Alfred. 
245 1 2 |a A guide to post-keynesian economics /   |c edited by Alfred S. Eichner with a foreword by Joan Robinson.  
260 |a London :   |b Macmillan,   |c 1979.  
300 |a xxi, 202 σ. :   |c 21 εκ.  
650 0 0 |a Economics  |x History  |y 20th century. 
650 0 0 |a Keynesian economics. 
700 1 |a Robinson, Joan,   |d 1903-1983,  |e aui 
700 1 |a Eichner, Alfred,  |e edt 
852 |a INST  |b CHIOS  |e 19950203  |h 330.1 GUI  |p 005200006010  |q 005200006010  |t BK  |y 0 
852 |a INST  |b CHIOS  |c TSAMOYRGELIS  |e 20190610  |h 330.1 GUI  |p 005200038690  |q 005200038690  |t BK  |y 0